<?xml version="1.0" encoding="UTF-8"?>
<record
    xmlns:xsi="http://www.w3.org/2001/XMLSchema-instance"
    xsi:schemaLocation="http://www.loc.gov/MARC21/slim http://www.loc.gov/standards/marcxml/schema/MARC21slim.xsd"
    xmlns="http://www.loc.gov/MARC21/slim">

  <leader>04129nam a2200253Ia 4500</leader>
  <datafield tag="952" ind1=" " ind2=" ">
    <subfield code="0">0</subfield>
    <subfield code="1">0</subfield>
    <subfield code="4">0</subfield>
    <subfield code="7">0</subfield>
    <subfield code="a">04</subfield>
    <subfield code="b">04</subfield>
    <subfield code="d">2008-05-05</subfield>
    <subfield code="l">7</subfield>
    <subfield code="m">1</subfield>
    <subfield code="o">JF1355 A262 2002</subfield>
    <subfield code="p">04 000475</subfield>
    <subfield code="r">2017-04-06</subfield>
    <subfield code="s">2017-04-03</subfield>
    <subfield code="t">1</subfield>
    <subfield code="w">2012-06-24</subfield>
    <subfield code="y">LB</subfield>
  </datafield>
  <datafield tag="952" ind1=" " ind2=" ">
    <subfield code="0">0</subfield>
    <subfield code="1">0</subfield>
    <subfield code="4">0</subfield>
    <subfield code="7">0</subfield>
    <subfield code="a">04</subfield>
    <subfield code="b">04</subfield>
    <subfield code="d">2008-05-05</subfield>
    <subfield code="l">18</subfield>
    <subfield code="o">JF1355 A262 2002</subfield>
    <subfield code="p">04 000476</subfield>
    <subfield code="r">2019-03-11</subfield>
    <subfield code="s">2019-03-06</subfield>
    <subfield code="t">2</subfield>
    <subfield code="w">2012-06-24</subfield>
    <subfield code="y">LB</subfield>
  </datafield>
  <datafield tag="952" ind1=" " ind2=" ">
    <subfield code="0">0</subfield>
    <subfield code="1">0</subfield>
    <subfield code="4">0</subfield>
    <subfield code="7">0</subfield>
    <subfield code="a">04</subfield>
    <subfield code="b">04</subfield>
    <subfield code="d">2008-05-05</subfield>
    <subfield code="l">16</subfield>
    <subfield code="o">JF1355 A262 2002</subfield>
    <subfield code="p">04 000477</subfield>
    <subfield code="r">2020-03-14</subfield>
    <subfield code="s">2020-03-11</subfield>
    <subfield code="t">3</subfield>
    <subfield code="w">2012-06-24</subfield>
    <subfield code="y">LB</subfield>
  </datafield>
  <datafield tag="952" ind1=" " ind2=" ">
    <subfield code="0">0</subfield>
    <subfield code="1">0</subfield>
    <subfield code="4">0</subfield>
    <subfield code="7">0</subfield>
    <subfield code="a">22</subfield>
    <subfield code="b">22</subfield>
    <subfield code="d">2017-01-13</subfield>
    <subfield code="l">0</subfield>
    <subfield code="o">342 A185t v.1 2002</subfield>
    <subfield code="p">01 010108</subfield>
    <subfield code="r">2017-01-13</subfield>
    <subfield code="t">1</subfield>
    <subfield code="w">2017-01-13</subfield>
    <subfield code="y">LB</subfield>
  </datafield>
  <datafield tag="952" ind1=" " ind2=" ">
    <subfield code="0">0</subfield>
    <subfield code="1">0</subfield>
    <subfield code="2">ddc</subfield>
    <subfield code="4">0</subfield>
    <subfield code="7">0</subfield>
    <subfield code="a">22</subfield>
    <subfield code="b">22</subfield>
    <subfield code="d">2017-06-06</subfield>
    <subfield code="l">0</subfield>
    <subfield code="o">342 A185t v.1 2002</subfield>
    <subfield code="p">01 007075</subfield>
    <subfield code="r">2017-06-06</subfield>
    <subfield code="t">2</subfield>
    <subfield code="w">2017-06-06</subfield>
    <subfield code="y">LB</subfield>
  </datafield>
  <datafield tag="999" ind1=" " ind2=" ">
    <subfield code="c">61707</subfield>
    <subfield code="d">61707</subfield>
  </datafield>
  <controlfield tag="005">20231102150731.0</controlfield>
  <controlfield tag="008">120625s2002    mx            001 0 spa d</controlfield>
  <datafield tag="020" ind1=" " ind2=" ">
    <subfield code="a">9700729982</subfield>
  </datafield>
  <datafield tag="050" ind1=" " ind2="4">
    <subfield code="a">JF1355</subfield>
    <subfield code="b">A262 2002</subfield>
  </datafield>
  <datafield tag="082" ind1=" " ind2="4">
    <subfield code="a">342</subfield>
    <subfield code="b">A185t v.1 2002</subfield>
  </datafield>
  <datafield tag="100" ind1="1" ind2=" ">
    <subfield code="a">Acosta Romero, Miguel</subfield>
    <subfield code="e">autor</subfield>
  </datafield>
  <datafield tag="245" ind1="1" ind2="0">
    <subfield code="a">Teor&#xED;a general del derecho administrativo</subfield>
    <subfield code="b">: primer curso</subfield>
    <subfield code="c">/ Miguel Acosta Romero</subfield>
  </datafield>
  <datafield tag="250" ind1=" " ind2=" ">
    <subfield code="a">16a. edici&#xF3;n</subfield>
    <subfield code="b">actualizada</subfield>
  </datafield>
  <datafield tag="260" ind1="3" ind2=" ">
    <subfield code="a">M&#xE9;xico</subfield>
    <subfield code="b">: Porr&#xFA;a</subfield>
    <subfield code="c">, 2002</subfield>
  </datafield>
  <datafield tag="300" ind1=" " ind2=" ">
    <subfield code="a">xlvii, 1155 p&#xE1;ginas</subfield>
  </datafield>
  <datafield tag="336" ind1=" " ind2=" ">
    <subfield code="a">texto</subfield>
  </datafield>
  <datafield tag="337" ind1=" " ind2=" ">
    <subfield code="a">sin medio</subfield>
  </datafield>
  <datafield tag="338" ind1=" " ind2=" ">
    <subfield code="a">volumen</subfield>
  </datafield>
  <datafield tag="505" ind1="1" ind2=" ">
    <subfield code="a">Libro primero: Conceptos generales
Teor&#xED;a general del derecho administrativo
Conceptos de derecho administrativo
La ciencia del derecho administrativo y las ramas especializadas que tienden hacia su autonom&#xED;a
Fuentes del derecho admiistrativo
Codificaci&#xF3;n del derecho administrativo

Libro segundo: Las personas jur&#xED;dicas de derecho p&#xFA;blico, an&#xE1;lisis de su personalidad jur&#xED;dica, su estructura y formas de su organizaci&#xF3;n
El estado
Personalidad jur&#xED;dica del estado
Formas de estado y formas de gobierno
Formas de estado y de gobierno del estado mexicano
La reforma del estado
Concepto de administraci&#xF3;n p&#xFA;blica
Formas de organizaci&#xF3;n administrativa
Centralizaci&#xF3;n administrativa
Organizaci&#xF3;n administrativa centralizada federal
La secretar&#xED;a del estado y el secretario de estado
Atribuciones de cada secretar&#xED;a de estado en particular
La secretar&#xED;a de estado y su titular
Estructura interna de la secretar&#xED;a de estado
El departamento administrativo (desde 1995 ya no existe)
Reglas comunes a las unidades de la administraci&#xF3;n p&#xFA;blica centralizada federal
La procuradur&#xED;ageneral de la rep&#xFA;blica y su titular
La consejer&#xED;a jur&#xED;dica de la presidencia
&#xD3;rganos administrativos intermedios
La desconcentraci&#xF3;n administrativa
Descentralizaci&#xF3;n administrativa federal
Las empresas p&#xFA;blicas, las sociedades mercantiles de estado o empresas de participaci&#xF3;n estatal
El fideicomiso p&#xFA;blico, gubernamental o fideicomiso de estado
Organismos aut&#xF3;nomos
La coordinaci&#xF3;n y agrupamiento por sectores de las entidades paraestatales, necesidad de actualizaci&#xF3;n o desaparici&#xF3;n y revisi&#xF3;n con motivo del redimensionamiento del estado
R&#xE9;gimen de control, vigilancia y evaluaci&#xF3;n de los organismos del sector central y paraestatal

Libro tercero: De la administraci&#xF3;n p&#xFA;blica deldistrito federal y de las entidades federativas
Los territorios federales. Su transformaci&#xF3;n a estados de la federaci&#xF3;n
Gobierno local del distrito federal
Las entidades federativas, su gobierno y su administraci&#xF3;n p&#xFA;blica
El municipio

Libro cuarto: La actividada de la administraci&#xF3;n p&#xFA;blica y la teor&#xED;a general del acto administrativo
La actividad de la administraci&#xF3;n p&#xFA;blica
Distinci&#xF3;n entre las funciones legislativas, judiciales y administrativas
Teor&#xED;a general del acto administrativo
An&#xE1;lisis l&#xF3;gico de los elementos del acto administrativo
Modalidades o requisitos del acto administrativo y de sus elementos
La competencia, la forma escrita, el motivo y el principio de legalidad como requisitos constitucionales del acto administrativo
Efectos del acto administrativo
La falta del acto administrativo y el silencio de la administraci&#xF3;n
Ejecuci&#xF3;n, cumplimiento y extinci&#xF3;n del acto administrativo
El procedimiento administrativo

Libro quinto: Instituciones administrativas de especial importancia
Introducci&#xF3;n
Teor&#xED;a general de la concesi&#xF3;n
El servicio p&#xFA;blico
Las leyes marco y su impacto en el sistema jur&#xED;dico
Teor&#xED;a general del reglamento
Permisos,licencias y autorizaciones
Las disposiciones de orden interno, las pr&#xE1;cticas y actos pararreglametarios, fen&#xF3;meno aberrante o mutaci&#xF3;n del derecho. Decretos, circulares, instrucciones, directivas y otros actos unilaterales
Facultad discrecional. Facultad reglada y acto reglado
Derecho de las infracciones administrativas</subfield>
  </datafield>
  <datafield tag="519" ind1=" " ind2=" ">
    <subfield code="a">Material Complementario / </subfield>
    <subfield code="b">Derecho / </subfield>
    <subfield code="d">(04 000475, 04 000476, 04 000477)</subfield>
  </datafield>
  <datafield tag="519" ind1=" " ind2=" ">
    <subfield code="a">Material Complementario / </subfield>
    <subfield code="b">Derecho /</subfield>
    <subfield code="d">(01 010108, 01 007075)</subfield>
  </datafield>
  <datafield tag="650" ind1="1" ind2="4">
    <subfield code="a">DERECHO ADMINISTRATIVO</subfield>
    <subfield code="z">M&#xC9;XICO</subfield>
  </datafield>
  <datafield tag="942" ind1=" " ind2=" ">
    <subfield code="c">LB</subfield>
  </datafield>
</record>
